Control systems engineering. (6th edition) (Record no. 79847)

MARC details
000 -LEADER
fixed length control field 01383nam a2200241 a 4500
008 - FIXED-LENGTH DATA ELEMENTS--GENERAL INFORMATION
fixed length control field 190822s2018 ||||||||||||||||| || u
020 ## - INTERNATIONAL STANDARD BOOK NUMBER
International Standard Book Number 9789386070111
050 ## - LIBRARY OF CONGRESS CALL NUMBER
Classification number TJ 213 Nag
100 ## - MAIN ENTRY--PERSONAL NAME
Personal name Nagrath, I J
245 10 - TITLE STATEMENT
Title Control systems engineering. (6th edition)
Statement of responsibility, etc. By I J Nagrath ; M Gopal
250 ## - EDITION STATEMENT
Edition statement 6th edition
260 ## - PUBLICATION, DISTRIBUTION, ETC.
Place of publication, distribution, etc. Bangalore
Name of publisher, distributor, etc. New Age International Publishers
Date of publication, distribution, etc. 2018
300 ## - PHYSICAL DESCRIPTION
Extent xiii, 901 pages : illustrations
650 #0 - SUBJECT ADDED ENTRY--TOPICAL TERM
Topical term or geographic name entry element AUTOMATIC CONTROL
650 #0 - SUBJECT ADDED ENTRY--TOPICAL TERM
Topical term or geographic name entry element SYSTEMS ENGINEERING
650 #0 - SUBJECT ADDED ENTRY--TOPICAL TERM
Topical term or geographic name entry element CONTROL THEORY
700 ## - ADDED ENTRY--PERSONAL NAME
Personal name Gopal, M
995 ## -
-- MAIN LIBRARY OPEN ACCESS
-- 34.55
-- 749961
-- CBU-MAIN LIBRARY (Kitwe)
-- TJ 213 Nag
-- 1
-- AVAILABLE
-- Aug 27, 2019
-- 749961
-- Main Library Open Access Collection
995 ## -
-- MAIN LIBRARY OPEN ACCESS
-- 34.55
-- 749962
-- CBU-MAIN LIBRARY (Kitwe)
-- TJ 213 Nag
-- 5
-- AVAILABLE
-- Aug 27, 2019
-- 749962
-- Main Library Open Access Collection
995 ## -
-- MAIN LIBRARY OPEN ACCESS
-- 34.55
-- 749960
-- CBU-MAIN LIBRARY (Kitwe)
-- TJ 213 Nag
-- 2
-- AVAILABLE
-- Aug 27, 2019
-- 749960
-- Main Library Open Access Collection
995 ## -
-- MAIN LIBRARY OPEN ACCESS
-- 34.55
-- 749963
-- CBU-MAIN LIBRARY (Kitwe)
-- TJ 213 Nag
-- 4
-- AVAILABLE
-- Aug 27, 2019
-- 749963
-- Main Library Open Access Collection
995 ## -
-- MAIN LIBRARY OPEN ACCESS
-- 34.55
-- 749964
-- CBU-MAIN LIBRARY (Kitwe)
-- TJ 213 Nag
-- 3
-- AVAILABLE
-- Aug 27, 2019
-- 749964
-- Main Library Open Access Collection
999 ## -
-- 79847
-- 79847
Holdings
Withdrawn status Lost status Source of classification or shelving scheme Damaged status Not for loan Permanent Location Current Location Shelving location Date acquired Total Checkouts Full call number Barcode Date last seen Copy number Price effective from Koha item type
          CBU-MAIN LIBRARY, KITWE. CBU-MAIN LIBRARY, KITWE.   06/29/2023   TJ 213 Nag 749961 06/29/2023 1 06/29/2023 MONOGRAPH
          CBU-MAIN LIBRARY, KITWE. CBU-MAIN LIBRARY, KITWE.   06/29/2023   TJ 213 Nag 749962 06/29/2023 2 06/29/2023 MONOGRAPH
          CBU-MAIN LIBRARY, KITWE. CBU-MAIN LIBRARY, KITWE.   06/29/2023   TJ 213 Nag 749960 06/29/2023 3 06/29/2023 MONOGRAPH
          CBU-MAIN LIBRARY, KITWE. CBU-MAIN LIBRARY, KITWE.   06/29/2023   TJ 213 Nag 749963 06/29/2023 4 06/29/2023 MONOGRAPH
          CBU-MAIN LIBRARY, KITWE. CBU-MAIN LIBRARY, KITWE.   06/29/2023   TJ 213 Nag 749964 06/29/2023 5 06/29/2023 MONOGRAPH